Le Corbusier's Pavilion for Zurich : (Record no. 12092)

000 -LEADER
fixed length control field 02139cam a22003257i 4500
003 - CONTROL NUMBER IDENTIFIER
control field OSt
005 - DATE AND TIME OF LATEST TRANSACTION
control field 20231223171858.0
008 - FIXED-LENGTH DATA ELEMENTS--GENERAL INFORMATION
fixed length control field 130222t20132013sz ae b 001 0 eng d
020 ## - INTERNATIONAL STANDARD BOOK NUMBER
International Standard Book Number 9783037783054
035 ## - SYSTEM CONTROL NUMBER
System control number (OCoLC)ocn839412367`
043 ## - GEOGRAPHIC AREA CODE
Geographic area code e-sz---
100 ## - MAIN ENTRY--PERSONAL NAME
Dates associated with a name 724.6
Fuller form of name DUM
245 00 - TITLE STATEMENT
Title Le Corbusier's Pavilion for Zurich :
Remainder of title model and prototype of an ideal exhibition space /
Statement of responsibility, etc Catherine Dumont d'Ayot ; in collaboration with Tim Benton.
246 30 - VARYING FORM OF TITLE
Title proper/short title Model and prototype of an ideal exhibition space
300 ## - PHYSICAL DESCRIPTION
Extent 223 pages :
Other physical details chiefly illustrations (some color), color plans ;
Dimensions 25 cm.
500 ## - GENERAL NOTE
General note "CLIENT: Heidi Weber. ARCHITECTS: Concept: Le Corbusier ; site supervision 1961-February 1966: Willy Boesiger ; construction supervision April 1966-July 1967: Alain Tavès and Robert Rebutato. ENGINEERS: Steel structure: Louis Fruitet ; façade studies: Jean Prouvé."
504 ## - BIBLIOGRAPHY, ETC. NOTE
Bibliography, etc Includes bibliographical references and index.
505 0# - FORMATTED CONTENTS NOTE
Formatted contents note The pavillion as a manifesto and legacy / Uta Hassler -- Le Corbusier's heritage / Patrick Gmur -- The genesis of an ideal exibition pavillion / Catherine Dumont d'Ayot -- Drawings and plans / Le Corbusier -- LCZH: Le Corbusier's last great work? / Tim Benton -- Centre Le Corbusier, 1967 / Bernhard Hoesli -- A conversation with Heidi Weber / Pierre-Alain Croset -- Timeline -- Contemporary account / Alain Taves, Robert Rebutato -- Final design plan, 1966-1967 / Alain Taves, Robert Rebutato -- Centre Le Corbusier, 1966-1967 / Jurg Gasser.
600 00 - SUBJECT ADDED ENTRY--PERSONAL NAME
Personal name Le Corbusier,
Dates associated with a name 1887-1965
General subdivision Criticism and interpretation.
600 10 - SUBJECT ADDED ENTRY--PERSONAL NAME
Personal name Weber, Heidi
General subdivision Art collections.
610 20 - SUBJECT ADDED ENTRY--CORPORATE NAME
Corporate name or jurisdiction name as entry element Heidi Weber Museum, Centre Le Corbusier
General subdivision History.
650 #0 - SUBJECT ADDED ENTRY--TOPICAL TERM
Topical term or geographic name as entry element Architects
Geographic subdivision France
Form subdivision Designs and plans.
650 #0 - SUBJECT ADDED ENTRY--TOPICAL TERM
Topical term or geographic name as entry element Exhibition buildings
Geographic subdivision Switzerland
-- Zurich
General subdivision Design and construction.
650 #0 - SUBJECT ADDED ENTRY--TOPICAL TERM
Topical term or geographic name as entry element Museum architecture
Geographic subdivision Switzerland
-- Zurich.
650 #0 - SUBJECT ADDED ENTRY--TOPICAL TERM
Topical term or geographic name as entry element Architectural design
Geographic subdivision Switzerland
-- Zurich.
700 1# - ADDED ENTRY--PERSONAL NAME
Personal name Dumont d'Ayot, Catherine,
Relator term editor of compilation.
700 1# - ADDED ENTRY--PERSONAL NAME
Personal name Benton, Tim,
Dates associated with a name 1945-,
Relator term editor of compilation.
700 0# - ADDED ENTRY--PERSONAL NAME
Personal name Le Corbusier,
Dates associated with a name 1887-1965,
Relator term architect.
942 ## - ADDED ENTRY ELEMENTS (KOHA)
Source of classification or shelving scheme
Holdings
Withdrawn status Lost status Source of classification or shelving scheme Damaged status Koha normalized classification for sorting Not for loan Permanent location Current location Date acquired Source of acquisition Cost, normal purchase price Total Checkouts Full call number Barcode Date last seen Date last borrowed Cost, replacement price Price effective from Koha item type
        724_600000000000000_DUM   BMS College of Architecture, Design and Planning BMS College of Architecture, Design and Planning 2023-12-23 10 1955.10 1 724.6 DUM AR-UG3421 2025-01-27 2025-01-13 2793.00 2023-12-23 UG Books
Copyright © 2025, The Librarian, Library and Information Centre, BMSCA D&P, Bengaluru. All Rights Reserved
web counter

Powered by Koha